Solar-powered Multi-feature Alarm System (Record no. 85910)

MARC details
000 -LEADER
fixed length control field 03026nam a22003017a 4500
003 - CONTROL NUMBER IDENTIFIER
control field URS
005 - DATE AND TIME OF LATEST TRANSACTION
control field 20251021095722.0
008 - FIXED-LENGTH DATA ELEMENTS--GENERAL INFORMATION
fixed length control field 250904b ||||| |||| 00| 0 eng d
024 ## - OTHER STANDARD IDENTIFIER
Terms of availability URS
040 ## - CATALOGING SOURCE
Transcribing agency URS
043 ## - GEOGRAPHIC AREA CODE
Geographic area code URS
245 ## - TITLE STATEMENT
Title Solar-powered Multi-feature Alarm System
Remainder of title / Millari, Ricjan A.... [et al.].
260 ## - PUBLICATION, DISTRIBUTION, ETC.
Date of publication, distribution, etc. February 2024
300 ## - PHYSICAL DESCRIPTION
Extent 92 leaves :
Other physical details illustrations ;
Dimensions 28 cm.
336 ## - CONTENT TYPE
Source rdaconten
Content type term text
337 ## - MEDIA TYPE
Source rdamedia
Media type term unmediated
338 ## - CARRIER TYPE
Source rdacarrier
Carrier type term volume
502 ## - DISSERTATION NOTE
Dissertation note Thesis
Degree type Bachelor of Industrial Technology
Name of granting institution University of Rizal System-Morong
Year degree granted 2024
520 ## - SUMMARY, ETC.
Summary, etc. EXECUTIVE SUMMARY This study aimed to develop and construct a Solar-Powered Multi Feature-Alarm System. Specifically, it aimed to perform try-outs and revisions and determine the level of acceptability in terms of functionality, design, usefulness, durability, safety, and maintenance. It also aimed to determine the significant difference between the evaluations by the two groups of respondents, end-users, and experts. Experimental, developmental, and descriptive methods were used in this research. The researcher used these methods because they provide a systemic process that aids in conducting the study. A researcher-made questionnaire checklist was utilized to determine the level of acceptability of the device in terms of the variables mentioned. Twenty (20) respondents, composed of ten (10) end-users and ten (10) experts, who participated in this study were chosen using the random sampling technique, wherein every individual in the chosen population has an equal chance of being included as the subject of the study. The result of level of performance showed that in terms of functionality, the device was very functional for experts and end-users; in terms of design, the device was very acceptable to experts and end-users; in terms of usefulness, it was very useful to experts and end-users; and in terms of durability, the device was very durable for experts and end-users. Solar-Powered Multi-Featured Alarm Systems offer a high level of performance in terms of reliability, functionality, energy efficiency, and scalability (Izuka et al., 2023). These systems provide a sustainable and cost-effective solution for enhancing security levels at homes and businesses. With their advanced technology, durability, and ease of installation, solar-powered alarm systems have undoubtedly revolutionized the security industry. It is recommended to always check the charging and discharging times, and voltage and current should be measured for safety and enhanced by conducting further research on the study.
700 ## - ADDED ENTRY--PERSONAL NAME
Personal name Millari, Ricjan A.
Relator term author
700 ## - ADDED ENTRY--PERSONAL NAME
Personal name Olmedo, Jofell P.
Relator term author
700 ## - ADDED ENTRY--PERSONAL NAME
Personal name Pessarillo, Carlos III E.
Relator term author
700 ## - ADDED ENTRY--PERSONAL NAME
Personal name Tarosa, Jerico V.
Relator term author
700 ## - ADDED ENTRY--PERSONAL NAME
Personal name Velgado, Rafael G.
Relator term author
700 ## - ADDED ENTRY--PERSONAL NAME
Personal name Prado, Eden S.
Relator term degree supervisor
856 ## - ELECTRONIC LOCATION AND ACCESS
Materials specified Online Request for Student Unpublished Works
Uniform Resource Identifier <a href="https://forms.gle/7LqvGGkaDrUQqz429">https://forms.gle/7LqvGGkaDrUQqz429</a>
942 ## - ADDED ENTRY ELEMENTS (KOHA)
Source of classification or shelving scheme Library of Congress Classification
Koha item type Theses and dissertations
Holdings
Withdrawn status Source of classification or shelving scheme Damaged status Not for loan Collection code Home library Current library Date acquired Total Checkouts Barcode Date last seen Price effective from Koha item type
  Library of Congress Classification     Reference Morong College Library Morong College Library 09/04/2025   URSMOR-CL-6833 09/04/2025 09/04/2025 Theses and dissertations

University of Rizal System
Email us at univlibservices@urs.edu.ph

Visit our Website www.urs.edu.ph/library